[Event "Montreal Mercredi 10"]
[Site "Montreal"]
[Date "2017.10.18"]
[Round "2"]
[White "Lopez Linares, Lizandro Fernando"]
[Black "Rodrigue Lemieux, Shawn"]
[Result "0-1"]
[WhiteElo "2209"]
[BlackElo "2312"]
[PlyCount "58"]
[EventDate "2017.10.11"]
[EventType "swiss"]
[EventRounds "5"]
[EventCountry "CAN"]
[SourceTitle "EXT 2022"]
[Source "ChessBase"]
[SourceDate "2021.10.06"]
[SourceVersion "1"]
[SourceVersionDate "2021.10.06"]
[SourceQuality "1"]

1. Nf3 d5 2. c4 e6 3. d4 Nf6 4. Nc3 Be7 5. Bf4 0-0 6. e3 a6 7. Rc1 dxc4 8. Bxc4 b5 9. Bb3 Bb7 10. 0-0 Nbd7 11. d5 b4 12. dxe6 bxc3 13. exd7 cxb2 14. Rxc7 Be4 15. Bc2 Rb8 16. Bxe4 Nxe4 17. Qc2 Nd6 18. Nd2 h6 19. a4 Rb4 20. Nb1 Ne4 21. Rd1 Nf6 22. Rc8 Qa5 23. Bc7 Qxa4 24. Qxa4 Rxa4 25. Rxf8+ Kxf8 26. f3 Nxd7 27. Rxd7 Rc4 28. Kf2 Rc1 29. Nd2 Rc2 0-1

[Event "Montreal Mont Royal op"]
[Site "Montreal"]
[Date "2017.07.24"]
[Round "3"]
[White "Lopez Linares, Lizandro Fernando"]
[Black "Haji Ghanbari, Nader"]
[Result "1-0"]
[WhiteElo "2144"]
[BlackElo "1859"]
[PlyCount "119"]
[EventDate "2017.07.22"]
[EventType "swiss"]
[EventRounds "9"]
[EventCountry "CAN"]
[SourceTitle "CBM 179 Extra"]
[Source "ChessBase"]
[SourceDate "2017.08.23"]
[SourceVersion "1"]
[SourceVersionDate "2017.08.23"]
[SourceQuality "1"]

1. d4 d5 2. c4 c6 3. Nf3 Nf6 4. Nc3 a6 5. c5 Nbd7 6. Bf4 Nh5 7. Bd2 Nhf6 8. Bf4 Nh5 9. e3 Nxf4 10. exf4 Nf6 11. Bd3 Bg4 12. h3 Bxf3 13. Qxf3 g6 14. 0-0 Bg7 15. Rfe1 0-0 16. Na4 Nd7 17. Qe3 e6 18. Rad1 Qf6 19. Bf1 Bh6 20. g3 Rac8 21. Qb3 Rb8 22. h4 Bg7 23. Qd3 Qd8 24. b3 Re8 25. Bh3 Bf6 26. Bg4 h5 27. Bf3 Qc7 28. Kg2 Kg7 29. a3 Rbc8 30. Be2 Ra8 31. b4 Red8 32. Bf1 Kg8 33. Qc2 Bg7 34. Bd3 Re8 35. Qe2 Nf6 36. Bb1 Ng4 37. Nb6 Rad8 38. a4 Nf6 39. b5 axb5 40. axb5 Nd7 41. f5 Nf8 42. fxg6 fxg6 43. f4 Qf7 44. Qd3 Qf5 45. Qa3 Qg4 46. Bd3 Nd7 47. Qa7 Nxb6 48. Qxb6 Ra8 49. Rd2 cxb5 50. Be2 Qf5 51. Bxb5 Re7 52. Bd3 Qf6 53. Re5 Bh6 54. Rxd5 Rf8 55. Rd8 Rxd8 56. Qxd8+ Kg7 57. Re2 Kf7 58. Bc4 Bg7 59. d5 Qd4 60. dxe6+ 1-0

[Event "Montreal Mont Royal op"]
[Site "Montreal"]
[Date "2017.07.23"]
[Round "2"]
[White "Durette, Francis"]
[Black "Lopez Linares, Lizandro Fernando"]
[Result "1-0"]
[WhiteElo "2028"]
[BlackElo "2144"]
[PlyCount "83"]
[EventDate "2017.07.22"]
[EventType "swiss"]
[EventRounds "9"]
[EventCountry "CAN"]
[SourceTitle "CBM 179 Extra"]
[Source "ChessBase"]
[SourceDate "2017.08.23"]
[SourceVersion "1"]
[SourceVersionDate "2017.08.23"]
[SourceQuality "1"]

1. c4 Nf6 2. Nc3 c6 3. d4 d5 4. Nf3 dxc4 5. a4 Bf5 6. e3 e6 7. Bxc4 Bb4 8. 0-0 0-0 9. Qe2 Bg4 10. Rd1 Nbd7 11. e4 Bh5 12. h3 Bxf3 13. Qxf3 e5 14. Be3 Qe7 15. d5 a5 16. Qf5 Rad8 17. Bg5 h6 18. Bh4 Kh8 19. Rd3 g6 20. Qf3 g5 21. Bg3 Nc5 22. Re3 Rd6 23. h4 Rg8 24. hxg5 hxg5 25. Qf5 Ncd7 26. Bh2 Rg6 27. Rh3+ Kg7 28. Rd1 Ng8 29. dxc6 g4 30. c7 gxh3 31. c8Q Ngf6 32. Qxh3 Rh6 33. Qg3+ Rg6 34. Qh4 Rh6 35. Qg5+ Rg6 36. Qf5 Nb6 37. Qb8 Nxc4 38. Qfc8 Rh6 39. Qxc4 Ng4 40. Qcc8 Rxd1+ 41. Nxd1 Qh4 42. Bxe5+ 1-0